| 000 | 01552cam a22003255a 4500 | ||
|---|---|---|---|
| 001 | 18278129 | ||
| 005 | 20201128023631.0 | ||
| 008 | 140825s2015 enka frb 001 0 eng d | ||
| 020 | _a9781118733554 (pbk.) | ||
| 040 |
_aDLC _beng _cDLC _dEG-ScBUE |
||
| 082 | 0 | 4 |
_a337 _222 _bGLO |
| 245 | 0 | 4 |
_aThe globalization reader / _cedited by Frank J. Lechner and John Boli. |
| 250 | _a5th ed. | ||
| 260 |
_aWest Sussex : _bWiley Blackwell, _c2015. |
||
| 300 |
_axiii, 609 p. : _bill. ; _c24 cm. |
||
| 500 | _aIndex : p. 596-609. | ||
| 504 | _aIncludes bibliographical references. | ||
| 505 | 0 | _aPreface -- General introduction -- Debating globalization -- Introduction -- The hidden promise : liberty renewed / John Micklethwait and Adrian Wooldridge -- How to judge globalism / Amartya Sen -- The elusive concept of globalization / Cees J. Hamelink -- Jihad vs. mcworld / Benjamin Barber -- The clash of civilizations? / Samuel P. Huntington -- Questions. | |
| 650 | 7 |
_aInternational economic relations. _2BUEsh _93036 |
|
| 650 | 7 |
_aInternational economic relations _xSocial aspects. _2BUEsh _939333 |
|
| 650 | 7 |
_aInternational economic integration. _2BUEsh _924295 |
|
| 650 | 7 |
_aGlobalization. _2BUEsh _92820 |
|
| 650 | 7 |
_aAnti-globalization movement. _2BUEsh _927201 |
|
| 651 | _2BUEsh | ||
| 653 |
_bBUSBOL _cFebruary2016 |
||
| 700 | 1 |
_aLechner, Frank J., _eeditor. |
|
| 700 | 1 |
_aBoli, John, _d1948- _eeditor. |
|
| 776 | 0 | 8 |
_iOnline version: _tGlobalization reader _bFifth Edition. _dHoboken, NJ : Wiley, 2015 _z9781118733509 _w(DLC) 2014035941 |
| 942 | _2ddc | ||
| 999 |
_c21138 _d21110 |
||